000 007150000a22002410004500
001 48779
010 _a972-708-102-9
021 _aPT
_b28001
100 _a20100113d2010 k y0pory5003 ba
101 0 _apor
102 _aPT
200 1 _aContos de Andersen
_fHans Cristian Andersen
210 _aLisboa
_cRelógio D'Água
_d199-?]
215 _a95 p.
606 _92126
_aLiteratura juvenil
_xConto
675 _a821.134.3-34
_vBN
_zpor
700 1 _97215
_aAndersen
_bHans Cristian
702 1 _933431
_4730
_aNascimento
_bCabral do
702 _913440
_4140
_aCastor
_bLuis Miguel
702 _938485
_4570
_aRego
_bEster
090 _a48779
942 _cMON
_n0
999 _a48779